ბათუმის შოთა რუსთაველის სახელმწიფო უნივერსიტეტის ბიბლიოთეკა

Справочник инженера и техника нафтогаз. (ბიბ.ჩანაწერი № 38201)

000 -LEADER
fixed length control field 00650nam a2200205Ia 4500
001 - CONTROL NUMBER
control field 4191
003 - CONTROL NUMBER IDENTIFIER
control field GE_BSU
008 - FIXED-LENGTH DATA ELEMENTS--GENERAL INFORMATION
fixed length control field 181216s||||||||xx |||||||||||||| ||und||
040 ## - CATALOGING SOURCE
Transcribing agency GE_BSU
100 ## - MAIN ENTRY--PERSONAL NAME
Personal name Пектемиров,Г.А.
245 ## - TITLE STATEMENT
Title Справочник инженера и техника нафтогаз.
245 ## - TITLE STATEMENT
Statement of responsibility, etc. Ред. П.Р.Ершов.
250 ## - EDITION STATEMENT
Edition statement Второе издание перераб. и дополнен.
260 ## - PUBLICATION, DISTRIBUTION, ETC.
Place of publication, distribution, etc. М.
260 ## - PUBLICATION, DISTRIBUTION, ETC.
Date of publication, distribution, etc. 1954.
300 ## - PHYSICAL DESCRIPTION
Extent 364 стр. 23 см. с илл.
300 ## - PHYSICAL DESCRIPTION
Accompanying material 20 таб.
653 ## - INDEX TERM--UNCONTROLLED
Uncontrolled term Справочник инженера и техника нафтогаз.
942 ## - ADDED ENTRY ELEMENTS (KOHA)
Koha item type წიგნი
ეგზემპლარები
Withdrawn status Lost status Damaged status Not for loan Date acquired Barcode Date last seen Price effective from Koha item type Public note
        2018-12-17 9482 2018-12-17 2018-12-17 წიგნი საცავი